[Event "ROM-ch U10 Girls"]
[Site "Calimanesti Caciulata"]
[Date "2019.04.17"]
[Round "3.19"]
[White "Cojocaru, Alessia Mihaela"]
[Black "Blanaru, Ana"]
[Result "1-0"]
[WhiteElo "1001"]
[BlackElo "1010"]
[PlyCount "71"]
[EventDate "2019.04.15"]
[EventType "swiss"]
[EventRounds "9"]
[EventCountry "ROU"]
[SourceTitle "EXT 2024"]
[Source "ChessBase"]
[SourceDate "2023.10.10"]
[SourceVersion "1"]
[SourceVersionDate "2023.10.10"]
[SourceQuality "1"]

1. e4 e5 2. Nf3 Nc6 3. Bc4 Bc5 4. 0-0 h6 5. Nc3 Nf6 6. d3 0-0 7. h3 d6 8. Qe2 Na5 9. Bb3 Nxb3 10. cxb3 Nh5 11. Rd1 c6 12. Be3 Bb4 13. a3 Ba5 14. b4 Bc7 15. d4 Qf6 16. Kf1 b6 17. Rdc1 Qd8 18. dxe5 Bb7 19. Ke1 Bc8 20. Rd1 a5 21. b5 cxb5 22. Nxb5 Bb7 23. exd6 Ba6 24. a4 Bxd6 25. g4 Nf6 26. Bf4 Ne8 27. e5 g5 28. exd6 gxf4 29. Qe4 Nf6 30. Qxf4 Re8+ 31. Kf1 Re4 32. Qxh6 Rxa4 33. Qg5+ Kf8 34. Re1 Nd7 35. Qh5 Rc8 36. Qh8# 1-0